000 00795cab a2200253 4500
001 ABS43475
008 090401t1990 xxu||||| |||| 00| 0 eng d
035 _a(Sirsi) u41922
041 _aeng
100 _aEley, J.
245 _aControl of hazardous substances
260 _c1990
350 _a0
490 _aFacilities
_v8(8) August 1990, 15-16(2)
520 _aDescribes the construction of Rosehaugh `s new HQ which was carefully monitored for the presence of hazardous materials .
650 _aBUILT ENVIRONMENT-BUILDING MATERIALS
650 _aEnvironment
_96238
650 _aINSTITUTE OF OCCUPATIONAL MEDICINE
650 _aMAN MADE MINERAL FIBRE
650 _aTHERMAL INSULATION
690 _aBUILT ENVIRONMENT-BUILDING STANDARDS
942 _n0
948 _c04/03/1997
999 _c26918
_d26918